[Event "Kaupthing op-B 1st"]
[Site "Differdange"]
[Date "2007.07.12"]
[Round "7"]
[White "Hoefer, Michael"]
[Black "Yanovska, Violeta"]
[Result "1-0"]
[WhiteElo "1423"]
[BlackElo "1200"]
[PlyCount "24"]
[EventDate "2007.07.08"]
[EventType "swiss"]
[EventRounds "9"]
[EventCountry "LUX"]
[SourceTitle "EXT 2008"]
[Source "ChessBase"]
[SourceDate "2007.11.25"]
[SourceVersion "1"]
[SourceVersionDate "2007.11.25"]
[SourceQuality "1"]

1. e4 c5 2. Nf3 a6 3. d4 cxd4 4. Nxd4 b5 5. c4 b4 6. Be2 Qc7 7. Bf3 e6 8. 0-0 Bb7 9. e5 f6 10. Bxb7 Ra7 11. Bf3 fxe5 12. Nc2 h5 1-0